000
00324nam a22001457a 4500
008
230508b ||||| |||| 00| 0 eng d
020
_a
089356014
041
_a
eng
080
_2
VOLUME 1,2,3,4,5
_a
94
082
_a
94POW
100
_a
28
101
_a
HISTORY
245
_a
MILITARY HISTORY
_c
POWELL.J
942
_2
udc
_c
BK
999
_c
59657
_d
59657